[Event "GEO-ch 1st League 2021"]
[Site "Tbilisi"]
[Date "2021.04.03"]
[Round "6.5"]
[White "Volkov, Nika"]
[Black "Petriashvili, Nikoloz"]
[Result "0-1"]
[WhiteElo "2084"]
[BlackElo "2425"]
[Annotator "ChessBase"]
[PlyCount "112"]
[EventDate "2021.03.29"]
[EventType "swiss"]
[EventCountry "GEO"]
[SourceTitle "playchess.com"]
[Source "ChessBase"]
[SourceQuality "1"]
[TimeControl "5400+30"]

1. g3 {[%emt 0:00:06]} c5 {[%emt 0:00:00]} 2. c4 {[%emt 0:00:10]} g6 {[%emt 0:00:00]} 3. Bg2 {[%emt 0:00:05]} Bg7 {[%emt 0:00:00]} 4. Nf3 {[%emt 0:00:15]} Nc6 {[%emt 0:00:00]} 5. O-O {[%emt 0:00:21]} d6 {[%emt 0:00:02]} 6. e3 {[%emt 0:00:21]} Nf6 {[%emt 0:02:39]} 7. d4 {[%emt 0:00:14]} O-O {[%emt 0:00:07]} 8. Nc3 {[%emt 0:00:03]} Bg4 {[%emt 0:10:39]} 9. h3 {[%emt 0:01:22]} Bxf3 {[%emt 0:00:15]} 10. Bxf3 {[%emt 0:00:02]} Nd7 {[%emt 0:00:02]} 11. Ne2 {[%emt 0:03:37]} Qb6 {[%emt 0:00:08]} 12. Bxc6 {[%emt 0:18:09]} bxc6 {[%emt 0:00:08]} 13. b3 {[%emt 0:00:12]} a5 {[%emt 0:12:19]} 14. Rb1 {[%emt 0:00:34]} a4 {[%emt 0:01:45]} 15. Bb2 {[%emt 0:04:44]} axb3 {[%emt 0:00:31]} 16. axb3 {[%emt 0:00:50]} Rfb8 {[%emt 0:06:19]} 17. Bc3 {[%emt 0:05:29]} cxd4 {[%emt 0:19:36]} 18. Bxd4 {[%emt 0:07:18]} Bxd4 {[%emt 0:05:10]} 19. Nxd4 {[%emt 0:00:08]} Ne5 {[%emt 0:00:47]} 20. f4 {[%emt 0:00:37]} Nd7 {[%emt 0:01:35]} 21. Qf3 {[%emt 0:00:03]} Ra6 {[%emt 0:01:09]} 22. Ra1 {[%emt 0:04:38]} c5 {[%emt 0:04:16]} 23. Nb5 {[%emt 0:10:05]} Nf6 {[%emt 0:00:34]} 24. Rxa6 {[%emt 0:03:02]} Qxa6 {[%emt 0:00:28]} 25. e4 {[%emt 0:00:01]} Qc6 {[%emt 0:01:53]} 26. e5 {[%emt 0:11:35]} Qxf3 27. Rxf3 {[%emt 0:00:01]} dxe5 {[%emt 0:00:08]} 28. fxe5 {[%emt 0:00:03]} Nd7 {[%emt 0:00:03]} 29. Re3 {[%emt 0:00:09]} e6 {[%emt 0:00:48]} 30. Kf2 {[%emt 0:00:28]} Ra8 {[%emt 0:01:41]} 31. g4 {[%emt 0:00:15]} Ra2+ {[%emt 0:00:45]} 32. Kg3 {[%emt 0:00:10]} Rd2 {[%emt 0:01:57]} 33. h4 {[%emt 0:00:48]} h6 {[%emt 0:00:05]} 34. Kf4 {[%emt 0:01:34]} Kf8 {[%emt 0:00:05]} 35. Nc3 {[%emt 0:04:46]} Ke7 {[%emt 0:01:13]} 36. Ne4 {[%emt 0:00:30]} Rh2 {[%emt 0:01:08]} 37. Kg3 {[%emt 0:03:12]} Rh1 {[%emt 0:00:36]} 38. Nf2 {[%emt 0:01:09]} Rg1+ {[%emt 0:00:42]} 39. Kf3 {[%emt 0:00:56]} Kd8 {[%emt 0:02:14]} 40. Nh3 {[%emt 0:02:13]} Rf1+ {[%emt 0:00:33]} 41. Kg2 {[%emt 0:00:44]} Rb1 {[%emt 0:00:07]} 42. Nf2 {[%emt 0:01:40]} Rb2 {[%emt 0:01:01]} 43. Kg3 {[%emt 0:00:36]} Ke7 {[%emt 0:00:54]} 44. Kf3 {[%emt 0:00:51]} Rd2 {[%emt 0:00:11]} 45. Kg3 {[%emt 0:01:23]} Rb2 {[%emt 0:01:33]} 46. Kf3 {[%emt 0:00:08]} Kd8 {[%emt 0:00:16]} 47. Nd1 {[%emt 0:02:04]} Rb1 {[%emt 0:00:46]} 48. Rd3 {[%emt 0:00:53]} Ke7 {[%emt 0:00:39]} 49. Ke4 {[%emt 0:00:27]} Ke8 {[%emt 0:02:34]} 50. Kf4 {[%emt 0:00:30]} g5+ {[%emt 0:00:55]} 51. hxg5 {[%emt 0:00:07]} hxg5+ {[%emt 0:00:01]} 52. Ke4 {[%emt 0:00:01]} Ke7 {[%emt 0:00:26]} 53. Ne3 {[%emt 0:01:02]} Rb2 {[%emt 0:00:02]} 54. Nd1 {[%emt 0:04:33]} Rg2 {[%emt 0:01:31]} 55. Re3 {[%emt 0:01:18]} Rxg4+ {[%emt 0:01:24]} 56. Kd3 {[%emt 0:00:02]} Rf4 {[%emt 0:23:20]} 0-1

[Event "GEO-ch 1st League 2021"]
[Site "Tbilisi"]
[Date "2021.04.03"]
[Round "6.6"]
[White "Mindiashvili, Tengiz"]
[Black "Adamia, Jaba"]
[Result "1-0"]
[WhiteElo "1923"]
[BlackElo "1899"]
[Annotator "ChessBase"]
[PlyCount "57"]
[EventDate "2021.03.29"]
[EventType "swiss"]
[EventCountry "GEO"]
[SourceTitle "playchess.com"]
[Source "ChessBase"]
[SourceQuality "1"]
[TimeControl "5400+30"]

1. e4 {[%emt 0:00:00]} c5 {[%emt 0:00:00]} 2. Nf3 {[%emt 0:00:00]} e6 {[%emt 0:00:00]} 3. c3 {[%emt 0:00:00]} d5 {[%emt 0:00:00]} 4. e5 {[%emt 0:00:00]} d4 {[%emt 0:00:00]} 5. cxd4 cxd4 {[%emt 0:00:08]} 6. Bd3 {[%emt 0:00:10]} Nc6 {[%emt 0:06:30]} 7. Na3 {[%emt 0:00:11]} Nge7 {[%emt 0:02:04]} 8. Be4 {[%emt 0:01:51]} Nd5 {[%emt 0:22:22]} 9. d3 {[%emt 0:01:59]} Be7 {[%emt 0:04:51]} 10. O-O {[%emt 0:04:39]} O-O {[%emt 0:02:09]} 11. Nb5 {[%emt 0:03:38]} Ndb4 {[%emt 0:21:23]} 12. a3 {[%emt 0:08:13]} Qa5 {[%emt 0:04:51]} 13. Nbxd4 {[%emt 0:01:31]} Nxd4 {[%emt 0:00:38]} 14. Nxd4 {[%emt 0:00:04]} Qxe5 {[%emt 0:00:29]} 15. Nf3 {[%emt 0:00:18]} Qd6 {[%emt 0:00:11]} 16. axb4 {[%emt 0:23:15]} f5 {[%emt 0:00:07]} 17. Bd2 {[%emt 0:05:44]} fxe4 {[%emt 0:02:55]} 18. dxe4 {[%emt 0:00:02]} Qb6 {[%emt 0:10:45]} 19. Qa4 {[%emt 0:08:40]} Rd8 {[%emt 0:10:28]} 20. Be3 {[%emt 0:02:43]} Qxb4 {[%emt 0:00:24]} 21. Qxb4 {[%emt 0:00:19]} Bxb4 {[%emt 0:00:05]} 22. Rxa7 {[%emt 0:01:13]} Rxa7 {[%emt 0:00:13]} 23. Bxa7 {[%emt 0:00:02]} Bd7 {[%emt 0:00:19]} 24. Rd1 {[%emt 0:02:52]} Rc8 {[%emt 0:00:07]} 25. Ne5 {[%emt 0:00:32]} Ba4 {[%emt 0:00:23]} 26. Ra1 {[%emt 0:00:34]} Rc2 {[%emt 0:08:28]} 27. Nd3 {[%emt 0:03:05]} Ba5 {[%emt 0:02:09]} 28. Rxa4 {[%emt 0:00:32]} Rd2 {[%emt 0:00:04]} 29. g3 {[%emt 0:00:40]} 1-0

[Event "GEO-ch 1st League 2021"]
[Site "Tbilisi"]
[Date "2021.04.03"]
[Round "6.7"]
[White "Bagaturov, Giorgi"]
[Black "Tskipurishvili, Daviti"]
[Result "1-0"]
[WhiteElo "2431"]
[BlackElo "1807"]
[Annotator "ChessBase"]
[PlyCount "67"]
[EventDate "2021.03.29"]
[EventType "swiss"]
[EventCountry "GEO"]
[SourceTitle "playchess.com"]
[Source "ChessBase"]
[SourceQuality "1"]
[TimeControl "5400+30"]

1. Nf3 {[%emt 0:00:00]} Nf6 {[%emt 0:03:02]} 2. c4 {[%emt 0:00:12]} e6 {[%emt 0:00:03]} 3. d4 {[%emt 0:00:16]} b6 {[%emt 0:00:10]} 4. a3 {[%emt 0:00:13]} a5 {[%emt 0:00:39]} 5. Nc3 {[%emt 0:00:28]} Bb7 {[%emt 0:00:04]} 6. Qc2 {[%emt 0:04:11]} d5 {[%emt 0:01:41]} 7. cxd5 {[%emt 0:00:15]} Nxd5 {[%emt 0:00:42]} 8. e4 {[%emt 0:00:41]} Nxc3 {[%emt 0:00:23]} 9. bxc3 {[%emt 0:00:07]} Be7 {[%emt 0:01:00]} 10. Bb5+ {[%emt 0:00:18]} c6 {[%emt 0:03:47]} 11. Bd3 {[%emt 0:00:11]} Nd7 {[%emt 0:00:42]} 12. O-O {[%emt 0:00:35]} O-O {[%emt 0:00:11]} 13. e5 {[%emt 0:05:45]} h6 {[%emt 0:00:46]} 14. Be4 {[%emt 0:03:19]} Qc7 {[%emt 0:01:01]} 15. a4 {[%emt 0:15:36]} c5 {[%emt 0:03:59]} 16. Ba3 {[%emt 0:05:15]} Rfe8 {[%emt 0:00:34]} 17. Bxb7 {[%emt 0:05:22]} Qxb7 {[%emt 0:00:03]} 18. Nd2 {[%emt 0:02:00]} Qd5 {[%emt 0:03:20]} 19. Qe4 {[%emt 0:02:52]} Rac8 {[%emt 0:03:00]} 20. Rfd1 {[%emt 0:02:30]} cxd4 {[%emt 0:05:31]} 21. cxd4 {[%emt 0:00:21]} Bxa3 {[%emt 0:00:48]} 22. Rxa3 {[%emt 0:02:09]} Nb8 {[%emt 0:00:39]} 23. Qg4 {[%emt 0:05:01]} Red8 {[%emt 0:02:01]} 24. Rg3 {[%emt 0:02:31]} g6 {[%emt 0:00:01]} 25. Nf1 {[%emt 0:16:08]} Nc6 {[%emt 0:03:38]} 26. Ne3 {[%emt 0:12:27]} Qd7 {[%emt 0:00:20]} 27. d5 {[%emt 0:02:44]} exd5 {[%emt 0:01:52]} 28. Qf4 {[%emt 0:01:23]} Qe6 {[%emt 0:02:14]} 29. Ng4 {[%emt 0:00:22]} h5 {[%emt 0:01:50]} 30. Nf6+ {[%emt 0:01:08]} Kf8 {[%emt 0:00:41]} 31. Nh7+ {[%emt 0:02:13]} Ke7 {[%emt 0:00:54]} 32. Rf3 {[%emt 0:03:06]} Nxe5 {[%emt 0:01:54]} 33. Qg5+ {[%emt 0:02:38]} Kd7 {[%emt 0:00:41]} 34. Re3 {[%emt 0:01:08]} 1-0

[Event "GEO-ch 1st League 2021"]
[Site "Tbilisi"]
[Date "2021.04.03"]
[Round "6.8"]
[White "Tsotsonava, Elene"]
[Black "Tutisani, Noe"]
[Result "0-1"]
[WhiteElo "1805"]
[BlackElo "2427"]
[Annotator "ChessBase"]
[PlyCount "64"]
[EventDate "2021.03.29"]
[EventType "swiss"]
[EventCountry "GEO"]
[SourceTitle "playchess.com"]
[Source "ChessBase"]
[SourceQuality "1"]
[TimeControl "5400+30"]

1. e4 {[%emt 0:00:00]} c5 {[%emt 0:00:00]} 2. Nf3 {[%emt 0:00:15]} e6 {[%emt 0:00:00]} 3. d4 {[%emt 0:00:06]} cxd4 {[%emt 0:00:00]} 4. Nxd4 {[%emt 0:00:04]} Nf6 {[%emt 0:00:07]} 5. Nc3 {[%emt 0:00:13]} Bb4 {[%emt 0:00:06]} 6. e5 {[%emt 0:00:30]} Nd5 {[%emt 0:00:07]} 7. Bd2 {[%emt 0:00:10]} Bxc3 {[%emt 0:00:13]} 8. bxc3 {[%emt 0:01:38]} d6 {[%emt 0:00:08]} 9. exd6 {[%emt 0:14:23]} Qxd6 {[%emt 0:00:07]} 10. Bd3 {[%emt 0:02:12]} O-O {[%emt 0:00:14]} 11. O-O {[%emt 0:00:47]} Bd7 {[%emt 0:02:05]} 12. Rb1 {[%emt 0:03:33]} Na6 {[%emt 0:01:03]} 13. Qh5 {[%emt 0:10:45]} f5 {[%emt 0:03:41]} 14. Rfe1 {[%emt 0:04:37]} Nc5 {[%emt 0:09:09]} 15. Nb3 {[%emt 0:10:08]} Na4 {[%emt 0:14:00]} 16. Rbd1 {[%emt 0:10:49]} e5 {[%emt 0:09:41]} 17. Bc4 {[%emt 0:04:25]} Nb2 {[%emt 0:01:11]} 18. Qh4 {[%emt 0:13:25]} f4 {[%emt 0:06:20]} 19. Bd3 {[%emt 0:02:45]} Bf5 {[%emt 0:00:09]} 20. Rb1 {[%emt 0:03:47]} Nxd3 {[%emt 0:02:02]} 21. cxd3 {[%emt 0:00:05]} Bxd3 {[%emt 0:00:04]} 22. Rbc1 {[%emt 0:00:15]} Nb6 {[%emt 0:02:57]} 23. Na5 {[%emt 0:02:53]} Bb5 {[%emt 0:05:05]} 24. Rcd1 {[%emt 0:03:00]} Ba4 {[%emt 0:00:18]} 25. Nb3 {[%emt 0:00:06]} Rad8 {[%emt 0:00:11]} 26. Qh5 {[%emt 0:01:22]} f3 {[%emt 0:03:24]} 27. Qg4 {[%emt 0:02:22]} Rf6 {[%emt 0:06:06]} 28. c4 {[%emt 0:01:51]} Rg6 {[%emt 0:00:37]} 29. Qxf3 {[%emt 0:00:14]} Bc6 {[%emt 0:00:05]} 30. Bb4 {[%emt 0:03:22]} Bxf3 {[%emt 0:00:35]} 31. Rxd6 {[%emt 0:00:05]} Rxg2+ {[%emt 0:00:04]} 32. Kf1 {[%emt 0:00:04]} Rxd6 {[%emt 0:00:03]} 0-1

[Event "GEO-ch 1st League 2021"]
[Site "Tbilisi"]
[Date "2021.04.03"]
[Round "6.9"]
[White "Chkhaidze, Nikoloz"]
[Black "kiladze, Luka"]
[Result "1-0"]
[WhiteElo "2307"]
[BlackElo "1786"]
[Annotator "TA"]
[PlyCount "43"]
[EventDate "2021.03.29"]
[EventType "swiss"]
[EventCountry "GEO"]
[SourceTitle "playchess.com"]
[Source "ChessBase"]
[SourceQuality "1"]

{[%evp 16,43,101,70,72,42,66,58,151,139,142,75,149,76,80,79,76,67,68,72,61,18,37,-17,55,36,32,26,630,619]} 1. e4 c5 2. Nf3 d6 3. d4 cxd4 4. Nxd4 Nf6 5. Nc3 e6 6. g4 a6 7. g5 Nfd7 8. Be3 Nc6 9. Qd2 Nde5 {B81: Sicilian Scheveningen: Keres Attack.} 10. O-O-O Nxd4 11. Qxd4 Nc6 ({Black should play} 11... Ng4 $14) 12. Qd2 $16 b5 {[%cal Bb7b5,Bb5b4,Bb4b3][%mdl 32] [#]} 13. h4 $146 ({Better is} 13. f4) ({Predecessor:} 13. f4 Qa5 14. Kb1 b4 15. Ne2 Bb7 16. Ng3 Be7 17. Nh5 O-O 18. Rg1 Rac8 19. Bd3 {1-0 (25) Madl,I (2370)-Palko,G (2090) Szekszard 1995}) 13... Bb7 {[#]} ({Black should try} 13... Qa5) 14. Rh3 (14. f4 $142 $1) 14... Qa5 15. Kb1 Be7 16. h5 Rc8 17. f4 b4 18. Ne2 (18. Nd5 $5 exd5 19. exd5 $11) 18... b3 $1 19. Qxa5 (19. a3 $14) 19... Nxa5 (19... bxc2+ $11 20. Kxc2 Nxa5+ 21. Kd3 O-O) 20. axb3 {And now Nc3 would win.} Bxe4 21. Nc3 {[%mdl 64] [#] Discovered Attack} Nc6 $2 {[%mdl 8192]} 22. Nxe4 {Weighted Error Value: White=0.31/Black=0.68} 1-0

[Event "GEO-ch 1st League 2021"]
[Site "Tbilisi"]
[Date "2021.04.03"]
[Round "6.10"]
[White "Esadze, Tamari"]
[Black "Lomaia, Diana"]
[Result "1/2-1/2"]
[WhiteElo "1889"]
[BlackElo "1946"]
[Annotator "ChessBase"]
[PlyCount "60"]
[EventDate "2021.03.29"]
[EventType "swiss"]
[EventCountry "GEO"]
[SourceTitle "playchess.com"]
[Source "ChessBase"]
[SourceQuality "1"]
[TimeControl "5400+30"]

1. e4 {[%emt 0:00:00]} c5 {[%emt 0:00:00]} 2. Nf3 {[%emt 0:00:00]} e6 {[%emt 0:00:00]} 3. d4 {[%emt 0:00:00]} cxd4 {[%emt 0:00:00]} 4. Nxd4 {[%emt 0:00:00]} Nc6 {[%emt 0:00:15]} 5. Nc3 {[%emt 0:00:49]} Qc7 {[%emt 0:00:22]} 6. Be2 {[%emt 0:02:48]} a6 {[%emt 0:00:29]} 7. a3 {[%emt 0:00:57]} Nf6 {[%emt 0:05:43]} 8. Be3 {[%emt 0:02:15]} Be7 {[%emt 0:03:43]} 9. O-O {[%emt 0:00:29]} O-O {[%emt 0:01:18]} 10. Qd2 {[%emt 0:08:00]} d6 {[%emt 0:02:41]} 11. f4 {[%emt 0:01:57]} Rd8 {[%emt 0:05:42]} 12. Rad1 {[%emt 0:01:34]} Bd7 {[%emt 0:05:38]} 13. Qe1 {[%emt 0:05:09]} Nxd4 {[%emt 0:06:59]} 14. Bxd4 {[%emt 0:01:33]} Bc6 {[%emt 0:08:41]} 15. Qg3 {[%emt 0:06:31]} g6 {[%emt 0:04:56]} 16. e5 {[%emt 0:09:52]} Ne4 {[%emt 0:09:05]} 17. Nxe4 {[%emt 0:09:03]} Bxe4 {[%emt 0:00:03]} 18. exd6 {[%emt 0:00:29]} Bxd6 {[%emt 0:00:38]} 19. c3 {[%emt 0:12:40]} Bc5 {[%emt 0:01:25]} 20. Qe3 {[%emt 0:00:03]} Bxd4 {[%emt 0:00:56]} 21. Rxd4 {[%emt 0:00:30]} Bc2 {[%emt 0:01:56]} 22. Rc1 {[%emt 0:03:13]} Bb3 {[%emt 0:04:25]} 23. Rb4 {[%emt 0:06:11]} Bd5 {[%emt 0:00:20]} 24. Rd1 {[%emt 0:00:23]} Rd7 {[%emt 0:01:11]} 25. Rbd4 {[%emt 0:00:48]} Rad8 {[%emt 0:00:11]} 26. c4 {[%emt 0:05:28]} Bc6 {[%emt 0:01:24]} 27. Rxd7 {[%emt 0:00:10]} Rxd7 {[%emt 0:00:12]} 28. Rxd7 {[%emt 0:00:14]} Qxd7 {[%emt 0:00:29]} 29. Qd3 {[%emt 0:02:32]} Qe7 {[%emt 0:00:22]} 30. Qd4 {[%emt 0:04:27]} f6 {[%emt 0:06:18]} 1/2-1/2

[Event "GEO-ch 1st League 2021"]
[Site "Tbilisi"]
[Date "2021.04.03"]
[Round "6.11"]
[White "Khodashneli, Shota"]
[Black "Kheladze, Ilia"]
[Result "1/2-1/2"]
[WhiteElo "1976"]
[BlackElo "1813"]
[Annotator "ChessBase"]
[PlyCount "114"]
[EventDate "2021.03.29"]
[EventType "swiss"]
[EventCountry "GEO"]
[SourceTitle "playchess.com"]
[Source "ChessBase"]
[SourceQuality "1"]
[TimeControl "5400+30"]

1. e4 {[%emt 0:00:00]} c5 {[%emt 0:00:00]} 2. Nf3 {[%emt 0:00:00]} e6 {[%emt 0:00:00]} 3. b3 {[%emt 0:00:00]} a6 {[%emt 0:00:24]} 4. Bb2 {[%emt 0:03:22]} Nc6 {[%emt 0:00:22]} 5. g3 {[%emt 0:04:47]} Nf6 {[%emt 0:05:24]} 6. e5 {[%emt 0:00:35]} Nd5 {[%emt 0:00:07]} 7. Bg2 {[%emt 0:00:15]} b5 {[%emt 0:01:38]} 8. O-O {[%emt 0:02:58]} Rb8 {[%emt 0:08:05]} 9. d4 {[%emt 0:01:39]} Qb6 {[%emt 0:01:43]} 10. Nbd2 {[%emt 0:22:19]} cxd4 {[%emt 0:05:20]} 11. Ne4 {[%emt 0:01:31]} Qc7 {[%emt 0:17:17]} 12. Nd6+ {[%emt 0:14:15]} Bxd6 {[%emt 0:00:49]} 13. exd6 {[%emt 0:00:01]} Qxd6 {[%emt 0:00:46]} 14. Nxd4 {[%emt 0:00:04]} O-O {[%emt 0:01:12]} 15. Nxc6 {[%emt 0:10:35]} dxc6 {[%emt 0:01:42]} 16. Qd4 {[%emt 0:03:06]} f6 {[%emt 0:00:26]} 17. c4 {[%emt 0:00:36]} bxc4 {[%emt 0:00:28]} 18. bxc4 {[%emt 0:00:22]} e5 {[%emt 0:14:19]} 19. Qd2 {[%emt 0:01:16]} Qb4 {[%emt 0:03:52]} 20. Bxd5+ {[%emt 0:00:21]} cxd5 {[%emt 0:00:21]} 21. Qxb4 {[%emt 0:00:08]} Rxb4 {[%emt 0:00:07]} 22. Ba3 {[%emt 0:00:01]} Rxc4 {[%emt 0:00:08]} 23. Bxf8 {[%emt 0:00:04]} Kxf8 {[%emt 0:00:06]} 24. Rfc1 {[%emt 0:04:00]} Bf5 {[%emt 0:00:57]} 25. Rxc4 {[%emt 0:00:18]} dxc4 {[%emt 0:00:06]} 26. Kf1 {[%emt 0:00:35]} Ke7 {[%emt 0:00:16]} 27. Ke2 {[%emt 0:05:07]} Kd6 {[%emt 0:00:15]} 28. Kd2 {[%emt 0:00:59]} Kd5 {[%emt 0:00:52]} 29. Kc3 {[%emt 0:03:53]} Bd3 {[%emt 0:02:42]} 30. Re1 {[%emt 0:09:01]} e4 {[%emt 0:08:55]} 31. h4 {[%emt 0:01:22]} f5 {[%emt 0:03:16]} 32. h5 {[%emt 0:00:20]} h6 {[%emt 0:02:02]} 33. a4 {[%emt 0:03:42]} Ke5 {[%emt 0:11:15]} 34. a5 {[%emt 0:02:14]} Kf6 {[%emt 0:04:15]} 35. Kd4 {[%emt 0:00:59]} Kg5 {[%emt 0:00:14]} 36. Rh1 {[%emt 0:00:44]} Kg4 {[%emt 0:03:11]} 37. Rh4+ {[%emt 0:02:57]} Kg5 {[%emt 0:00:05]} 38. Rh1 {[%emt 0:01:08]} Kg4 {[%emt 0:03:03]} 39. Rh4+ {[%emt 0:00:13]} Kg5 {[%emt 0:00:04]} 40. Rf4 {[%emt 0:02:11]} Be2 {[%emt 0:00:43]} 41. Rh4 {[%emt 0:00:11]} Bxh5 {[%emt 0:01:34]} 42. Kxc4 {[%emt 0:00:07]} Bf3 {[%emt 0:00:13]} 43. Kc5 {[%emt 0:00:38]} h5 {[%emt 0:00:13]} 44. Kb6 {[%emt 0:01:21]} Be2 {[%emt 0:00:08]} 45. Rh1 {[%emt 0:00:07]} f4 {[%emt 0:01:11]} 46. Rh4 {[%emt 0:01:29]} fxg3 {[%emt 0:00:17]} 47. fxg3 {[%emt 0:00:01]} Kf5 {[%emt 0:02:26]} 48. Rf4+ {[%emt 0:00:34]} Ke5 {[%emt 0:00:08]} 49. Kc5 {[%emt 0:00:14]} g5 {[%emt 0:00:21]} 50. Rf8 {[%emt 0:00:20]} Bd3 {[%emt 0:00:42]} 51. Rh8 {[%emt 0:01:41]} Be2 {[%emt 0:00:06]} 52. Rg8 {[%emt 0:00:32]} Kf5 {[%emt 0:00:28]} 53. Kd4 {[%emt 0:00:37]} Bd3 {[%emt 0:00:38]} 54. Ke3 {[%emt 0:00:23]} Kg4 {[%emt 0:01:00]} 55. Kf2 {[%emt 0:00:35]} Kf5 {[%emt 0:00:29]} 56. Rf8+ {[%emt 0:00:18]} Kg4 {[%emt 0:00:33]} 57. Rg8 {[%emt 0:00:19]} Kf5 {[%emt 0:00:07]} 1/2-1/2

[Event "GEO-ch 1st League 2021"]
[Site "Tbilisi"]
[Date "2021.04.03"]
[Round "6.12"]
[White "Gogolashvili, Giorgi"]
[Black "Kachkachishvili, Lasha"]
[Result "1/2-1/2"]
[WhiteElo "1448"]
[BlackElo "1681"]
[Annotator "NA"]
[PlyCount "94"]
[EventDate "2021.03.29"]
[EventType "swiss"]
[EventCountry "GEO"]
[SourceTitle "playchess.com"]
[Source "ChessBase"]
[SourceQuality "1"]
[TimeControl "5400+30"]

1. e4 {[%emt 0:00:00]} c5 {[%emt 0:00:13]} 2. d4 cxd4 {[%emt 0:00:26]} 3. c3 {[%emt 0:00:15]} Qa5 {[%emt 0:00:03]} 4. Nf3 {[%emt 0:01:17]} Nc6 {[%emt 0:00:07]} 5. Bc4 {[%emt 0:03:54]} d6 {[%emt 0:02:45]} 6. O-O {[%emt 0:02:37]} Nf6 {[%emt 0:02:46]} 7. cxd4 {[%emt 0:11:12]} Bg4 {[%emt 0:05:08]} 8. Qb3 {[%emt 0:02:49]} Nd8 {[%emt 0:03:23]} 9. Nbd2 {[%emt 0:25:43]} a6 {[%emt 0:07:58]} 10. h3 {[%emt 0:01:29]} Bxf3 {[%emt 0:01:37]} 11. Qxf3 {[%emt 0:00:36]} e5 {[%emt 0:06:11]} 12. Bb3 {[%emt 0:06:09]} exd4 {[%emt 0:07:08]} 13. Nc4 {[%emt 0:01:29]} Qc5 {[%emt 0:00:40]} 14. Bf4 {[%emt 0:01:34]} Be7 {[%emt 0:11:25]} 15. Nxd6+ {[%emt 0:03:22]} Bxd6 {[%emt 0:05:15]} 16. Rac1 {[%emt 0:00:28]} Qb6 {[%emt 0:03:24]} 17. e5 {[%emt 0:01:53]} Be7 {[%emt 0:05:53]} 18. exf6 {[%emt 0:14:16]} Qxf6 {[%emt 0:00:19]} 19. Ba4+ {[%emt 0:01:14]} Kf8 {[%emt 0:00:06]} 20. Qg3 {[%emt 0:01:29]} Ne6 {[%emt 0:02:21]} 21. Be5 {[%emt 0:02:04]} Qg5 {[%emt 0:01:20]} 22. Bb3 {[%emt 0:01:22]} Bf6 {[%emt 0:09:37]} 23. Qxg5 {[%emt 0:04:07]} Bxg5 {[%emt 0:02:48]} 24. Rcd1 {[%emt 0:01:04]} Bf4 {[%emt 0:07:38]} 25. Bxd4 {[%emt 0:01:42]} Rd8 {[%emt 0:01:24]} 26. Bc5+ {[%emt 0:04:15]} Ke8 {[%emt 0:00:10]} 27. Bb6 {[%emt 0:00:41]} Rxd1 {[%emt 0:00:35]} 28. Rxd1 {[%emt 0:00:06]} Ke7 {[%emt 0:00:11]} 29. g3 {[%emt 0:00:38]} Bd6 {[%emt 0:00:24]} 30. Rc1 {[%emt 0:00:43]} Be5 {[%emt 0:00:41]} 31. Rc2 {[%emt 0:02:03]} g5 {[%emt 0:00:07]} 32. Re2 {[%emt 0:01:20]} Bd6 {[%emt 0:00:14]} 33. Rc2 {[%emt 0:01:06]} h5 {[%emt 0:00:41]} 34. Kg2 {[%emt 0:00:50]} h4 {[%emt 0:00:15]} 35. Be3 {[%emt 0:00:52]} hxg3 {[%emt 0:00:38]} 36. fxg3 {[%emt 0:00:27]} Rg8 {[%emt 0:00:43]} 37. Bxe6 {[%emt 0:00:41]} Kxe6 {[%emt 0:00:27]} 38. Kf3 {[%emt 0:01:34]} f5 {[%emt 0:00:43]} 39. Re2 {[%emt 0:01:05]} Kd5 {[%emt 0:00:46]} 40. Rd2+ {[%emt 0:00:14]} Ke6 {[%emt 0:00:18]} 41. Re2 {[%emt 0:00:17]} Kf6 {[%emt 0:00:42]} 42. Bd4+ {[%emt 0:00:23]} Kf7 {[%emt 0:00:06]} 43. Be5 {[%emt 0:00:38]} Be7 {[%emt 0:00:48]} 44. Bc3 {[%emt 0:01:13]} Rd8 {[%emt 0:00:10]} 45. Rd2 {[%emt 0:00:19]} Rxd2 {[%emt 0:01:00]} 46. Bxd2 {[%emt 0:00:26]} Bf6 {[%emt 0:01:19]} 47. Bc3 {[%emt 0:00:14]} Be7 {[%emt 0:12:37]} 1/2-1/2

[Event "GEO-ch 1st League 2021"]
[Site "Tbilisi"]
[Date "2021.04.04"]
[Round "7.1"]
[White "Lortkipanidze, Nodar"]
[Black "Qalichava, Akaki"]
[Result "1-0"]
[WhiteElo "2416"]
[BlackElo "1877"]
[Annotator "TA"]
[PlyCount "53"]
[EventDate "2021.03.29"]
[EventType "swiss"]
[EventCountry "GEO"]
[SourceTitle "playchess.com"]
[Source "ChessBase"]
[SourceQuality "1"]

{[%evp 15,53,-2,29,28,32,43,40,29,30,37,32,14,40,47,57,45,44,69,98,92,200,197,203,141,157,118,131,126,135,127,143,136,304,295,418,418,824,811,1018,654]} 1. e4 c5 2. Nc3 Nc6 3. g3 g6 4. Bg2 Bg7 5. d3 e6 6. Be3 d6 7. Qd2 Nd4 8. Nd1 Bd7 9. c3 {B26: Closed Sicilian: 3 g3, lines with early Be3.} Nc6 10. Ne2 h5 11. h3 {White is slightly better.} Nge7 12. O-O {[#]} Qa5 $146 ({Predecessor:} 12... O-O 13. Bh6 Qc8 14. Bxg7 Kxg7 15. f4 Rd8 16. g4 hxg4 17. hxg4 f6 18. e5 dxe5 19. fxe5 {1-0 (60) Mehta,P (2230)-Schartz,A Paranana 1993}) 13. f4 O-O 14. g4 hxg4 15. hxg4 d5 16. f5 {Threatens to win with f6.} exf5 17. gxf5 {f6 is the strong threat.} gxf5 {[#]} (17... d4 $16 {keeps fighting.}) 18. Bh6 $1 $18 f6 19. Ng3 Rf7 {White should prevent ...Bxh6.} 20. exd5 Bxh6 21. Qxh6 Rh7 22. Qxf6 Rf8 23. Qd6 Nb8 {[#] Black cannot hold the game after this.} (23... Nc8 $16 24. Qf4 N6e7) 24. Ne3 Qd8 (24... Qb5 {might work better.} 25. Rae1 Qxd3 26. Qxc5 Qb5) 25. Rae1 Nc8 (25... Qb6 $142 26. Qxb6 axb6) 26. Qxb8 Qh4 27. Qf4 {Weighted Error Value: White=0.07/Black=0.30} 1-0